| 000 | 00538nam a2200181 i 4500 | ||
|---|---|---|---|
| 001 | 89427 | ||
| 003 | ES-MaACL | ||
| 005 | 20250822063136.0 | ||
| 007 | t| | ||
| 008 | 050110m19701973sp ||||1| spa d | ||
| 100 | 1 |
_aLaporte i Salas, Josep, _d1922-2005 _970175 |
|
| 245 | 1 | 0 |
_aAvances en terapéutica / _cJ. Laporte ; [J.A. Salvá]. |
| 260 |
_aBarcelona, etc. : _bSalvat, _c[1970-73] |
||
| 300 |
_a4 v. : _bil. ; _c25 cm. |
||
| 700 | 1 |
_aSalvá, J. A. _9102054 |
|
| 852 |
_aES-MaACL _jP-1546 _bR.73096 |
||
| 999 |
_c89427 _d89427 |
||